000 00945nac a22002771u 4500
010 _a 89010207
020 _a071675052X :
082 0 0 _a520
_bLED
090 _c6477
_d6477
100 _aLederman, Leon M.
245 1 0 _aFrom quarks to the cosmos :
_btools of discovery /
_cLeon M. Lederman, David N. Schramm.
260 _aNew York :
_bScientific American Library :
_bDistributed by W.H. Freeman,c1989.
_cc1989.
300 _ax, 242 p. :
_bill. (some col.) ;
_c24 cm.
440 0 _aScientific American Library series ;
_vno. 28
500 _aIncludes index.
500 _aDistributer: Al-Ahram.
511 _aCatalogued By: Mahitab.
650 0 _aAstronomy.
650 0 _aParticles (Nuclear physics)
650 0 _aScience
_xPhilosophy.
700 1 _aSchramm, David N.
942 _cBB
_k520LED
_hRDA-MOD
999 _c6477
_d6477
336 _2rdacontent
_atext
_btxt
337 _aunmediated
_2rdamedia
_bn
338 _avolume
_bnc
_2rdacarrier